<?xml version="1.0" encoding="UTF-8"?>
<marc:record xmlns:marc="http://www.loc.gov/MARC21/slim">
   <marc:leader>00000nam a2200000 a 4500</marc:leader>
   <marc:datafield ind1="1" ind2=" " tag="100">
      <marc:subfield code="a">Zipse, Katrin</marc:subfield>
      <marc:subfield code="4">aut</marc:subfield>
      <marc:subfield code="e">Verfasser/-in</marc:subfield>
   </marc:datafield>
   <marc:datafield ind1="0" ind2="0" tag="245">
      <marc:subfield code="a">Moosland</marc:subfield>
   </marc:datafield>
   <marc:datafield ind1="0" ind2="0" tag="245">
      <marc:subfield code="b">Über die Kraft von Sprache, Natur und Gemeinschaft</marc:subfield>
   </marc:datafield>
   <marc:datafield ind1=" " ind2="1" tag="264">
      <marc:subfield code="b">DuMont Buchverlag</marc:subfield>
      <marc:subfield code="c">2026</marc:subfield>
   </marc:datafield>
   <marc:datafield ind1="1" ind2=" " tag="520">
      <marc:subfield code="a">1949 wirbt Island knapp 300 junge Frauen aus Deutschland als Landarbeiterinnen oder Haushaltshilfen an, außerdem herrscht ein Mangel an heiratswilligen Frauen. Viele der jungen Deutschen können kein Isländisch und sind durch die Kriegs- und Nachkriegszeit traumatisiert. Elsa kommt auf einen abgelegenen Bauernhof, sie kann weder die Sprache noch die Arbeiten, die zu verrichten sind. Nach und nach wird ihre Geschichte erkennbar, der Verlust ihrer Freundin Sola, der Hunger, die Kälte, die sie auf der Flucht und beim Kampf ums Überleben bewältigen musste. Und nach und nach lernt sie die Sprache und erkennt, wie wichtig in der abgeschiedenen Gegend der Zusammenhalt in und mit der Familie ist. Katrin Zipse, bekannt durch ihre Jugendbücher, erzählt diese Geschichte in knappen Sätzen, einfach und doch eindringlich, vergleichbar den Erzählungen von Maria Beig.</marc:subfield>
   </marc:datafield>
   <marc:datafield ind1=" " ind2=" " tag="020">
      <marc:subfield code="a">9783755800712</marc:subfield>
      <marc:subfield code="9">9783755800712</marc:subfield>
   </marc:datafield>
</marc:record>
